000 00964nam0a22002651 4500
001 v19\rc\1265978
005 20250618002842.0
035 _a(NLR Aleph) 004419104
090 _a4111297
_c4111297
100 _a20060306d1894 |||y0rusy50 ca
101 0 _arus
102 _aRU
105 _ay z |||||
200 1 _a1. Скромные беседы о прошлогоднем снеге и 2 о том, как гора родила мышь
210 _aЕкатеринослав
_cпеч. Л.Я. Шпарбера
_d1894
215 _a55 с.
_d21
300 _aПеред загл. авт.: Л.О. Леванда
517 0 _aСкромные беседы о прошлогоднем снеге
517 0 _aО том, как гора родила мышь
700 1 _aЛеванда
_bЛ.О.
_f1835-1888
_gЛев Осипович
801 0 _aRU
_bNLR
_gpsbo
801 1 _aRU
_bProSoft-M
_2rusmarc
852 _aNLR
_j18.226.8.48
942 _cBOOK
980 _aNB